| Tag |
First Indicator |
Second Indicator |
Subfields |
| LEADER |
00000cam a2200000 a 4500 |
| 001 |
in00001109213 |
| 005 |
20150929212839.0 |
| 008 |
921110s1992 miua b 100 0 eng d |
| 035 |
|
|
|a (OCoLC)26948389
|
| 035 |
|
|
|9 AFU1567AM
|
| 040 |
|
|
|a STO
|c STO
|d OCL
|d TXA
|d UtOrBLW
|
| 049 |
|
|
|a TXAM
|
| 090 |
|
|
|a Z711.92.F32
|b N37 1992
|
| 111 |
2 |
|
|a National LOEX Library Instruction Conference
|n (19th :
|d 1991 :
|c Eastern Michigan University)
|
| 245 |
1 |
0 |
|a Working with faculty in the new electronic library :
|b papers and session materials presented at the Nineteenth National LOEX Library Instruction Conference held at Eastern Michigan University 10 to 11 May 1991, and related resource materials gathered by the LOEX Clearinghouse /
|c edited by Linda Shirato.
|
| 264 |
|
1 |
|a Ann Arbor, Michigan :
|b Published for Learning Resources and Technologies, Eastern Michiagn University, by Pierian Press,
|c 1992.
|
| 300 |
|
|
|a vi, 189 pages :
|b illustrations ;
|c 28 cm.
|
| 336 |
|
|
|a text
|b txt
|2 rdacontent
|
| 337 |
|
|
|a unmediated
|b n
|2 rdamedia
|
| 338 |
|
|
|a volume
|b nc
|2 rdacarrier
|
| 490 |
1 |
|
|a Library orientation series ;
|v no. 22
|
| 504 |
|
|
|a Includes bibliographical references.
|
| 650 |
|
0 |
|a Library orientation
|v Congresses.
|
| 650 |
|
0 |
|a College teachers
|x Library orientation
|x Congresses.
|
| 650 |
|
0 |
|a Online bibliographic searching
|x Study and teaching
|x Congresses.
|
| 650 |
|
0 |
|a Information services
|x User education
|x Congresses.
|
| 700 |
1 |
|
|a Shirato, Linda.
|
| 830 |
|
0 |
|a Library orientation series ;
|v v. 22.
|
| 999 |
|
|
|a MARS
|
| 999 |
f |
f |
|s b4f68861-756a-3ac7-8199-75e2d0405f95
|i 83f10414-f3f9-31f2-8946-08b68835560b
|t 0
|
| 952 |
f |
f |
|p ric
|a Texas A&M University
|b Rellis Campus
|c Joint Library Facility
|d Remote Storage
|t 0
|e Z711.92.F32 N37 1992
|h Library of Congress classification
|i unmediated -- volume
|m A14816634521
|
| 998 |
f |
f |
|a Z711.92.F32 N37 1992
|t 0
|l Remote Storage
|